Blood on the Clocktower - Alle Traveller - Statistiken

Allgemein
  • Dieses Quiz wurde 2 mal gespielt
  • Das Durchschnittsergebnis liegt bei 7 aus 16
Antwortstatistiken
Antwort % Korrekt
Thief
100%
Apprentice
50%
Barista
50%
Beggar
50%
Bureaucrat
50%
Deviant
50%
Gangster
50%
Gunslinger
50%
Harlot
50%
Matron
50%
Scapegoat
50%
Voudon
50%
Bishop
0%
Bone Collector
0%
Butcher
0%
Judge
0%
Keine übereinstimmenden Quizze gefunden
Verteilung der Resultate
Anzahl Personen mit jedem Resultat
Perzentil nach korrekt beantworteten Fragen
Ihre Resultats-Entwicklung
Sie haben dieses Quiz noch nicht gespielt